National Assembly Library of Thailand

พฤติกรรมพยากรณ์ (ฉบับปรับปรุง) = (ระเบียนเลขที่ 105852)

รายละเอียดในรูปแบบ MARC
000 -LEADER
fixed length control field 03006 a2200301 4500
003 - CONTROL NUMBER IDENTIFIER
control field NALT
005 - DATE AND TIME OF LATEST TRANSACTION
control field 20250418112359.0
008 - FIXED-LENGTH DATA ELEMENTS--GENERAL INFORMATION
fixed length control field 241002b th ||||| |||| 00| 0 tha d
020 ## - INTERNATIONAL STANDARD BOOK NUMBER
International Standard Book Number 9786162874123
040 ## - CATALOGING SOURCE
Original cataloging agency NALT
041 1# - LANGUAGE CODE
Language code of text/sound track or separate title tha
Language code of original eng
050 ## - LIBRARY OF CONGRESS CALL NUMBER
Classification number BF 448
Item number อ663พ 2566
100 1# - MAIN ENTRY--PERSONAL NAME
Personal name อาเรียลีย์, แดน
9 (RLIN) 28437
245 10 - TITLE STATEMENT
Title พฤติกรรมพยากรณ์ (ฉบับปรับปรุง) =
Remainder of title Predictably irrational /
Statement of responsibility, etc. Dan Ariely ; ผู้แปล พูนลาภ อุทัยเลิศอรุณ, วิโรจน์ ภัทรทีปกร.
246 31 - VARYING FORM OF TITLE
Title proper/short title Predictably irrational.
260 ## - PUBLICATION, DISTRIBUTION, ETC.
Place of publication, distribution, etc. กรุงเทพฯ :
Name of publisher, distributor, etc. วีเลิร์น,
Date of publication, distribution, etc. 2566.
300 ## - PHYSICAL DESCRIPTION
Extent 352 หน้า ;
Dimensions 21 ซม.
505 2# - FORMATTED CONTENTS NOTE
Formatted contents note บทนำ ความเจ็บปวดนำผมไปสู่ความไร้เหตุผล และงานวิจัยทั้งหลายในหนังสือเล่มนี้ได้อย่างไร -- บทที่ 1 ความจริงเกี่ยวกับความเชื่อมโยง -- บทที่ 2 ความเข้าใจผิด ๆ เกี่ยวกับอุปสงค์และอุปทาน -- บทที่ 3 ต้นทุนของ "ของฟรี" -- บทที่ 4 ต้นทุนของบรรทัดฐานทางสังคม -- บทที่ 5 พลังของคุกกี้ฟรี -- บทที่ 6 อิทธิพลของสิ่งเร้า -- บทที่ 7 ปัญหาเรื่องการผัดวันประกันพรุ่ง และการควบคุมตนเอง -- บทที่ 8 ความรู้สึกเป็นเจ้าของกับราคาอันสูงลิบ -- บทที่ 9 แง้มประตูไว้ก่อน -- บทที่ 10 ผลพวงของความคาดหวัง -- บทที่ 11 พลังของราคา -- บทที่ 12 วงจรแห่งความเชื่อใจ -- บทที่ 13 ความลับของอุปนิสัย (ภาค 1) บทที่ 14 ความลับของอุปนิสัย (ภาค 2) -- บทที่ 15 เบียร์และของฟรี.
650 #4 - SUBJECT ADDED ENTRY--TOPICAL TERM
Topical term or geographic name entry element การตัดสินใจ
9 (RLIN) 10675
650 #4 - SUBJECT ADDED ENTRY--TOPICAL TERM
Topical term or geographic name entry element เศรษฐศาสตร์
General subdivision แง่จิตวิทยา
9 (RLIN) 4232
650 #4 - SUBJECT ADDED ENTRY--TOPICAL TERM
Topical term or geographic name entry element พฤติกรรมผู้บริโภค
9 (RLIN) 25737
700 1# - ADDED ENTRY--PERSONAL NAME
Personal name Ariely, Dan
9 (RLIN) 28436
700 0# - ADDED ENTRY--PERSONAL NAME
Personal name พูนลาภ อุทัยเลิศอรุณ
9 (RLIN) 616
700 0# - ADDED ENTRY--PERSONAL NAME
Personal name วิโรจน์ ภัทรทีปกร
9 (RLIN) 10815
942 ## - ADDED ENTRY ELEMENTS (KOHA)
Koha item type General Book
Source of classification or shelving scheme Library of Congress Classification
996 ## - STAFF PROCESSING RECORDS (NALT)
Staff name saiphon.d
Staff type CATSTF
Acquisition or Cataloging date 2024-10-02
998 ## - STAFF NAME (NALT)
-- 8
-- นายบัณฑิต อุทาวงค์
รายการที่มีในห้องสมุด
Withdrawn status Lost status Source of classification or shelving scheme Damaged status Not for loan Collection code Home library Current library Shelving location Date acquired Source of acquisition Total Checkouts Total Renewals Full call number Barcode Date last seen Date last checked out Price effective from Koha item type
    Library of Congress Classification     General Book collection National Assembly Library of Thailand National Assembly Library of Thailand General Book shelves 28/09/2024 194 4 3 BF 448 อ663พ 2566 3961214488 02/05/2025 18/04/2025 28/09/2024 General Book
หอสมุดรัฐสภา
สำนักงานเลขาธิการสภาผู้แทนราษฎร เลขที่ 1111 ถนนสามเสน แขวงถนนนครไชยศรี เขตดุสิต กรุงเทพฯ 10300
The Secretariat of the House of Representatives 1111 Samsen Road, Thanon Nakhon Chai Si, Dusit, Bangkok 10300, THAILAND
โทรศัพท์: +66(0) 2242 5900 ต่อ 5714-5 โทรสาร: +66(0) 2242 5990 อีเมล: [email protected]